Essential of Sociology a down-to- earth approach: (Record no. 6735)
[ view plain ]
| 000 -LEADER | |
|---|---|
| fixed length control field | 00327nam a2200109 4500 |
| 050 ## - LIBRARY OF CONGRESS CALL NUMBER | |
| Classification number | HM 586 |
| Item number | .P4 2009 |
| 100 ## - MAIN ENTRY--PERSONAL NAME | |
| Personal name | Peters, Ralph |
| 245 ## - TITLE STATEMENT | |
| Title | Essential of Sociology a down-to- earth approach: |
| Remainder of title | Study guide for Henslin/ |
| Statement of responsibility, etc. | Ralph Peters |
| 260 ## - PUBLICATION, DISTRIBUTION, ETC. (IMPRINT) | |
| Place of publication, distribution, etc. | Boston : |
| Name of publisher, distributor, etc. | Allyn and Bacon, |
| Date of publication, distribution, etc. | 2009. |
| 650 ## - SUBJECT ADDED ENTRY--TOPICAL TERM | |
| Topical term following geographic name as entry element | Sociology. |
| 942 ## - ADDED ENTRY ELEMENTS (KOHA) | |
| Source of classification or shelving scheme | Library of Congress Classification |
| Koha item type | General circulation |
| Withdrawn status | Lost status | Source of classification or shelving scheme | Damaged status | Not for loan | Home library | Current library | Shelving location | Date acquired | Total Checkouts | Full call number | Barcode | Date last seen | Price effective from | Koha item type | Public note |
|---|---|---|---|---|---|---|---|---|---|---|---|---|---|---|---|
| Library of Congress Classification | Main Campus Library | Main Campus Library | General Stacks | 22/07/2015 | HM 586 .P4 2009 | 2015/003946 | 22/07/2015 | 22/07/2015 | General circulation | smo |